000
00284 a2200121 4500
001
57669
082
_a
80305
090
_c
35350
_d
35350
100
_a
Delmar
245
_a
Electricity can kill [ video cassette]
260
_b
Delmer thomson learning
500
_a
CD/DVD video cassette
942
_a
NUST-CAE
_k
80305
999
_c
292742
_d
292742